| 000 | nam a22 7a 4500 | ||
|---|---|---|---|
| 999 |
_c30398 _d30398 |
||
| 008 | 190520b xxu||||| |||| 00| 0 eng d | ||
| 020 | _a0821309714 | ||
| 040 | _amksu | ||
| 050 |
_aHD 4431 _b.I58 1987 |
||
| 110 | _aWorld Bank. | ||
| 245 |
_aThe World Bank glossary = : _b Glossaire de la Banque mondiale / _cWorld Bank |
||
| 260 |
_aWashington,DC,USA : _bThe world bank, _c1987. |
||
| 300 |
_avii,40p. ; _c28cm. |
||
| 650 | _aTechnical assistance | ||
| 650 | _aEnglish language | ||
| 650 | _aEconomic development | ||
| 650 | _aWorld Bank | ||
| 650 | _aEconomic assistance | ||
| 650 | _aLanguage and languages | ||
| 942 |
_2lcc _cBOOKS _hHD 4431 .I58 1987 |
||